MARC

LEADER 00000nam0a2200000 4500
001 349274
005 20231102010203.0
035 |a (RuTPU)RU\TPU\retro\1372 
090 |a 349274 
100 |a 20180425d1971 km y0rusy50 ca 
101 1 |a rus  |c eng  |c ita  |c ger  |c fre 
102 |a RU 
105 |a a z 001zy 
200 1 |a Автоматический перевод  |e пер. с англ., итал., нем.,фр.  |e сборник статей  |f под ред. О. С. Кулагиной, И. А. Мельчука 
210 |a Москва  |c Прогресс  |d 1971 
215 |a 368 с.  |c ил. 
320 |a Библиогр.: с. 339-352 
606 1 |a Перевод автоматический  |2 stltpush  |3 (RuTPU)RU\TPU\subj\48483  |9 67344 
610 1 |a машинный перевод 
610 1 |a синтаксический анализ 
610 1 |a анализаторы 
610 1 |a вычислительные машины 
610 1 |a человеко-машинные взаимодействия 
610 1 |a корреляционный анализ 
610 1 |a английский язык 
610 1 |a немецкий язык 
610 1 |a итальянский язык 
610 1 |a французский язык 
610 1 |a русский язык 
610 1 |a сборники 
686 |a Ш111.2  |v LBC/SL-A  |2 rubbk 
702 1 |a Кулагина  |b О. С.  |4 340 
702 1 |a Мельчук  |b И. А.  |4 340 
801 1 |a RU  |b 63413507  |c 20180425 
801 2 |a RU  |b 63413507  |c 20180425  |g RCR 
942 |c BK